000 00303 a2200145 4500
001 165213
020 _a
040 _cMagnum
100 _aBoden, Margaret A.
240 1 0 _aDimensoes da criatividade
_lpor
245 1 0 _aDimensoes da criatividade
362 0 _a1899
697 _aGERAL
942 _cBK
999 _c165213
_d165213